000 00571 a2200169 4500
999 _c9413
_d9413
020 _a0702103675
050 0 0 _aKTL3573 SIL 1972
100 1 _aSilke, Aubrey S.
_eauthor
245 1 0 _aSilke on South African income tax;
_bbeing an exposition of the law, practice and incidence of income tax in South Africa
_c[by] A. S. Silke.
250 _a7th ed.
264 _aCape Town :
_bJuta & Co.
_c1972.
300 _axxvi, 1446 p.
500 _aIncludes index
650 0 _aIncome tax
_xLaw and legislation
942 _2lcc
_cBK
_e7th ed.
_h3573
_iSIL
_kKTL